000 00721nam a2200229 a 4500
001 24881
003 CO-ViMGA
008 141112s2004 ck r 000 u spa d
015 _ack - 2011 - xxxx
020 _a9789586828253
040 _aCO-ViMGA
_bspa
_cCO-ViMGA
082 0 4 _a629.4353 C81s
100 1 _aCuartas Restrepo, Pablo
_937205
245 1 0 _aUn salto gigantesco :
_bel hombre en la luna :
_bla aventura del Apolo /
_cPablo Cuartas Restrepo
260 _aBogotá :
_bAlfaomega,
_cc2011
300 _a41 p. : fot. ; 24 cm.
490 _aCielo abierto
598 _aNEW - GRAL
650 1 4 _aAstronáutica
_937206
942 _2ddc
_cBK
990 _aAlfaomega Colombiana S.A. 2 ejemplares 21 08/11/2011 n a785729
999 _c6854
_d6854